00933cam a2200205 a 450000500170000000800410001704000350005804100080009304400070010108200170010824502230012526000510034830000740039950400590047365000610053265000240059365000380061765000270065570000450068220160816152443.0040604s2003 ck ao r 000 0 spa d aCO-BoPUJcCO-BoIAVHdCO-BoIAVH0 aspa ack04a597.49bH43a00aHábitos alimentarios y vida reproductiva del Capitán de la Sabana Eremophilusmutisii (pisces)bdel tramo del río Bogotá en el municipio de Suesca (Cundinamarca), Colombiaceditado por Fernando Vásquez Lalinde aBogotá : bFundación al Verde Vivo,c2003. a40 páginas :bilustraciones y fotografías a color ; c21 x 14 cm. aIncluye referencias bibliográficas: páginas 38-39.26aIctiologíaxInvestigacioneszRío Bogotá (Colombia)24aEremophilus murisii26aPecesxAlimentación y alimentos24aCapitán de la sabana1 aVásquez Lalinde, Luis Fernandoeeditor